000 00599nam a2200253Ia 4500
005 20260121153812.0
008 008 260114s9999 xx 000 0 eng d
020 _a9781003070474
037 _aEBOOK
040 _aCRL
040 _beng
040 _cCRL
041 _2eng
041 _aeng
084 _qCRL
100 _aClive A. Edwards
_9999295
245 0 _aSustainable Agricultural Systems
260 _bTaylor and Francis
260 _c1990
856 _uhttp://www.taylorfrancis.com/books/9781003070474
942 _cEBOOK
999 _c1566116
_d1566116